Belgium National Football Team 2015 - Statistics

General Stats
  • This quiz has been taken 183 times
  • The average score is 24 of 38
Answer Stats
Player Post Club Time Played % Correct
Jordan Lukaku DF KV Oostende 90'
97%
Romelu Lukaku ST Everton 286'
97%
Eden Hazard ST Chelsea 752'
96%
Thibaut Courtois GK Chelsea 540'
95%
Kévin De Bruyne ST Wolfsburg / Manchester City 719'
94%
Jan Vertonghen DF Tottenham Hotspur 810'
91%
Axel Witsel MF Zénit 735'
88%
Vincent Kompany DF Manchester City 418'
88%
Dries Mertens MF SSC Napoli 313'
86%
Marouane Fellaini MF Manchester United 456'
86%
Simon Mignolet GK Liverpool 270'
85%
Toby Alderweireld DF Southampton / Tottenham Hotspur 796'
85%
Christian Benteke ST Aston Villa / Liverpool 338'
83%
Divock Origi ST Lille / Liverpool 82'
82%
Moussa Dembélé MF Tottenham Hotspur 9'
82%
Thomas Vermaelen DF FC Barcelona 180'
81%
Radja Nainggolan MF AS Roma 806'
73%
Yannick Ferreira-Carrasco MF AS Monaco / Atletico 153'
73%
Michy Batshuayi ST Olympique de Marseille 40'
69%
Nacer Chadli MF Tottenham Hotspur 58'
58%
Jason Denayer DF Celtic / Galatasaray 225'
57%
Kévin Mirallas ST Everton 3'
56%
Youri Tielemans MF RSC Anderlecht 0'
54%
Nicolas Lombaerts DF Zénit 540'
53%
Thomas Meunier DF Bruges 113'
53%
Dedryck Boyata DF Celtic 0'
49%
Adnan Januzaj MF Borussia Dortmund 0'
43%
Laurent Ciman DF Montreal Impact 0'
41%
Laurent Depoitre ST Gent 90'
38%
Leander Dendoncker MF RSC Anderlecht 5'
36%
Matz Sels GK Gent 0'
36%
Sven Kums MF Gent 0'
33%
Steven Defour MF RSC Anderlecht 0'
32%
Jean François Gillet GK Catania / Mechelen 0'
31%
Anthony Vanden Borre DF RSC Anderlecht 0'
30%
Olivier Deschacht DF RSC Anderlecht 0'
27%
Zakaria Bakkali ST Valencia CF 11'
24%
Luis Pedro Cavanda DF Trabzonspor 72'
21%
No matching quizzes found
Score Distribution
Percent of People with Each Score
Percentile by Number Answered
Your Score History
You have not taken this quiz